00870 2200313 4500001002100000005001500021035002000036007000300056040001700059100002800076245006700104250001000171300004100181504002500222041000800247082001000255084001600265090002500281264003400306336002100340337003000361338002300391650002300414700003000437850001000467008004100477990001900518990001900537INLIS00000000000943220260420022820 a0010-1222000037ta aSBPUPADbind0 aEdi Warsidi;ePengarang1 aMerintis Usaha Telur Asin /cEdi Warsidi:editor: Rani Fitriani aCet.1 aiii 61 hlm. :bilus. ;c21 x 14,5 cm abibiliografi, hlm 610 aind a637.5 a637.5 WAR m a637.5 WAR m L 19 R 9 aBandung :bSanggabuana,c2008 2rdacontentateks 2rdamediaatanpa perantara 2rdacarrieravolume 4aTeknologi terampil aRani Fitriani:ePengarang aPUPAD260420 0  a586/S/KAPD/PDG a587/S/KAPD-PDG